Countries Bordering Algeria on a Map - Statistics

General Stats
  • This quiz has been taken 224 times
  • The average score is 6 of 6
Answers on the Map
Answers color-coded by a green-red scale on the quiz's map according to % correct below.
 
Answer Stats
Length Country % Correct
1,601 km Morocco
99%
982 km Libya
97%
1,376 km Mali
97%
965 km Tunisia
97%
956 km Niger
96%
463 km Mauritania
94%
No matching quizzes found
Score Distribution
Percent of People with Each Score
Percentile by Number Answered
Your Score History
You have not taken this quiz